ACC Football Members History - Statistics

General Stats
  • This quiz has been taken 49 times
  • The average score is 17 of 20
Answer Stats
Current Status Team % Correct
ACC Florida State
98%
ACC Clemson
93%
ACC Duke
93%
ACC North Carolina
93%
FBS Independent Notre Dame
93%
ACC Boston College
90%
ACC Georgia Tech
90%
ACC Virginia
90%
ACC Virginia Tech
90%
ACC Louisville
88%
BIG TEN Maryland
88%
ACC Syracuse
88%
ACC California
85%
ACC Miami
85%
ACC NC State
85%
ACC Wake Forest
85%
SEC South Carolina
83%
ACC Stanford
83%
ACC Pittsburgh
80%
ACC SMU
73%
No matching quizzes found
Score Distribution
Percent of People with Each Score
Percentile by Number Answered
Your Score History
You have not taken this quiz